[Event "Krapina op 10th"]
[White "Trsinski, Stjepan"]
[Black "Simunic, Edi"]
[Site "Krapina"]
[Round "4"]
[Result "1/2-1/2"]
[Date "2020.01.18"]
[WhiteElo "1710"]
[BlackElo "1583"]
[PlyCount "90"]
[EventDate "2020.01.16"]
[EventType "swiss"]
[EventRounds "7"]
[EventCountry "CRO"]
[SourceTitle "CBM 194 Extra"]
[Source "ChessBase"]
[SourceDate "2020.03.31"]
[SourceVersion "1"]
[SourceVersionDate "2020.03.31"]
[SourceQuality "1"]

1. d4 d5 2. Nf3 Nf6 3. c3 c6 4. Bg5 Bf5 5. e3 Nbd7 6. Nbd2 e6 7. Ne5 Be7 8. f4 Ne4 9. Bxe7 Qxe7 10. Ndf3 h6 11. Nxd7 Qxd7 12. Be2 0-0 13. 0-0 c5 14. Ne5 Qe7 15. g4 Bh7 16. Rf3 f6 17. Nd3 cxd4 18. exd4 Nd6 19. Rh3 b6 20. Bf3 Be4 21. Qe2 Rae8 22. Re1 Qf7 23. Nf2 Bxf3 24. Qxf3 e5 25. dxe5 fxe5 26. f5 e4 27. Qg3 Nc4 28. b3 Ne5 29. Rd1 e3 30. Nh1 Qc7 31. Qe1 Nxg4 32. Rxd5 e2 33. Ng3 Re5 34. Rxe5 Qxe5 35. Qxe2 Qc5+ 36. Kg2 Ne3+ 37. Kf3 Nxf5 38. Qe6+ Kh8 39. Nxf5 Rxf5+ 40. Ke4 Rf1 41. Rxh6+ gxh6 42. Qxh6+ Kg8 43. Qg6+ Kh8 44. Qh6+ Kg8 45. Qg6+ Kh8 1/2-1/2

[Event "Krapina-ch 8th "]
[White "Krklec, Josip1"]
[Black "Trsinski, Stjepan"]
[Site "Krapina"]
[Round "7"]
[Result "0-1"]
[Date "2018.01.21"]
[WhiteElo "1564"]
[BlackElo "1789"]
[PlyCount "55"]
[EventDate "2018.01.18"]
[EventType "swiss"]
[EventRounds "7"]
[EventCountry "CRO"]
[SourceTitle "EXT 2019"]
[Source "ChessBase"]
[SourceDate "2018.10.10"]
[SourceVersion "1"]
[SourceVersionDate "2018.10.10"]
[SourceQuality "1"]

1. e4 Nf6 2. Nc3 e5 3. d3 Bc5 4. Bg5 c6 5. Qf3 Be7 6. 0-0-0 d5 7. Bxf6 Bxf6 8. exd5 g6 9. dxc6 bxc6 10. Ne4 Bg7 11. Nh3 0-0 12. Kb1 f5 13. Nc3 Qb6 14. Qe3 Qa5 15. Qd2 Na6 16. Ne2 Qc7 17. c3 Rb8 18. Ka1 Nc5 19. b4 Nb7 20. d4 a5 21. Qb2 axb4 22. cxb4 h6 23. f4 exd4 24. Nxd4 Kh8 25. Kb1 c5 26. Be2 Bd7 27. Nf2 Rfe8 28. Nb5 0-1

[Event "Krapina op 7th"]
[White "Kolic, Mario"]
[Black "Trsinski, Stjepan"]
[Site "Krapina"]
[Round "1"]
[Result "1/2-1/2"]
[Date "2017.01.12"]
[WhiteElo "1009"]
[BlackElo "1824"]
[PlyCount "88"]
[EventDate "2017.01.12"]
[EventType "swiss"]
[EventRounds "7"]
[EventCountry "CRO"]
[SourceTitle "CBM 176 Extra"]
[Source "ChessBase"]
[SourceDate "2017.03.02"]
[SourceVersion "1"]
[SourceVersionDate "2017.03.02"]
[SourceQuality "1"]

1. e4 d5 2. exd5 Nf6 3. d4 Bf5 4. Nf3 Nxd5 5. Bd3 Bg4 6. Nc3 e6 7. 0-0 c6 8. Re1 Be7 9. Nxd5 Qxd5 10. Be4 Qd8 11. Qd3 Nd7 12. Ne5 Bh5 13. Nxd7 Qxd7 14. Bf4 Bg6 15. Bxg6 hxg6 16. a4 Bd6 17. Bxd6 Qxd6 18. Qg3 Qxg3 19. fxg3 0-0-0 20. c3 Rh5 21. g4 Rhd5 22. Kf2 c5 23. dxc5 Rxc5 24. Rad1 Rh8 25. h3 e5 26. b4 Rc7 27. Rxe5 f6 28. Re3 Rf7 29. Rd5 f5 30. gxf5 gxf5 31. Rde5 Rhf8 32. Re8+ Kd7 33. Rxf8 Rxf8 34. Kf3 Rc8 35. g4 fxg4+ 36. hxg4 Rc4 37. g5 g6 38. Ke2 Rg4 39. Re5 b6 40. a5 Kd6 41. axb6 axb6 42. Rb5 Kc6 43. Re5 Kd6 44. Rb5 Kc6 1/2-1/2

[Event "Hum na Sutli op 10th"]
[White "Pandurevic, Miro"]
[Black "Trsinski, Stjepan"]
[Site "Hum na Sutli"]
[Round "1"]
[Result "1-0"]
[Date "2016.08.26"]
[WhiteElo "2295"]
[BlackElo "1863"]
[PlyCount "45"]
[EventDate "2016.08.26"]
[EventType "swiss"]
[EventRounds "9"]
[EventCountry "CRO"]
[SourceTitle "CBM 174 Extra"]
[Source "ChessBase"]
[SourceDate "2016.10.10"]
[SourceVersion "1"]
[SourceVersionDate "2016.10.10"]
[SourceQuality "1"]

1. e4 Nf6 2. e5 Nd5 3. d4 e6 4. Nf3 c5 5. c4 Nb6 6. d5 d6 7. Nc3 exd5 8. cxd5 dxe5 9. Nxe5 Bd6 10. Bb5+ Bd7 11. Nxd7 N8xd7 12. Ne4 Bb8 13. Bg5 Qc8 14. 0-0 0-0 15. Be7 Re8 16. d6 a6 17. Bxd7 Nxd7 18. Qh5 f6 19. Rac1 Ba7 20. Rc3 Qc6 21. Re1 Nf8 22. Nxf6+ gxf6 23. Rg3+ 1-0

[Event "Krapina op 6th"]
[White "Galoic, Boris"]
[Black "Trsinski, Stjepan"]
[Site "Krapina"]
[Round "6"]
[Result "1-0"]
[Date "2016.01.24"]
[WhiteElo "2041"]
[BlackElo "1563"]
[PlyCount "113"]
[EventDate "2016.01.21"]
[EventType "swiss"]
[EventRounds "7"]
[EventCountry "CRO"]
[SourceTitle "CBM 170 Extra"]
[Source "ChessBase"]
[SourceDate "2016.02.25"]
[SourceVersion "1"]
[SourceVersionDate "2016.02.25"]
[SourceQuality "1"]

1. d4 e5 2. dxe5 Nc6 3. Nf3 Qe7 4. e3 Nxe5 5. Be2 Ng6 6. 0-0 Nf6 7. b3 d5 8. Bb2 c6 9. Nbd2 Bf5 10. c4 0-0-0 11. Nd4 Bd7 12. Bf3 Kb8 13. cxd5 cxd5 14. a3 Ne5 15. Be2 h5 16. N2f3 Neg4 17. a4 Ne4 18. Bb5 Rh6 19. Ba3 Qe8 20. Bxf8 Qxf8 21. Rc1 Bc8 22. Qc2 Qd6 23. Bd3 Ng5 24. Qc5 Nxf3+ 25. Nxf3 Qxc5 26. Rxc5 Rb6 27. Nd4 Ne5 28. Be2 g6 29. Rfc1 Be6 30. h3 a6 31. Kf1 Nd7 32. R5c3 Nf6 33. f3 Bd7 34. Ke1 g5 35. Kd2 g4 36. hxg4 hxg4 37. Bd3 gxf3 38. gxf3 Rg8 39. Bf5 Be6 40. a5 Rd6 41. Rh1 Nd7 42. Rh6 Ne5 43. Bxe6 Rg2+ 44. Kc1 Rd8 45. Bg4 Nxg4 46. fxg4 Rxg4 47. Rf6 Rh8 48. Rxf7 Rg2 49. Rc2 Rg1+ 50. Kb2 Rhh1 51. Rf8+ Ka7 52. Rcc8 Rb1+ 53. Kc3 Rhc1+ 54. Nc2 d4+ 55. Kxd4 Rd1+ 56. Ke4 Rd8 57. Rfxd8 1-0

[Event "Hum na Sutli op 9th"]
[White "Trsinski, Stjepan"]
[Black "Zaja, Ivan"]
[Site "Hum na Sutli"]
[Round "1"]
[Result "0-1"]
[Date "2015.08.28"]
[WhiteElo "1865"]
[BlackElo "2477"]
[PlyCount "53"]
[EventDate "2015.08.28"]
[EventType "swiss"]
[EventRounds "9"]
[EventCountry "CRO"]
[SourceTitle "EXT 2016"]
[Source "ChessBase"]
[SourceDate "2015.10.08"]
[SourceVersion "1"]
[SourceVersionDate "2015.10.08"]
[SourceQuality "1"]

1. d4 Nf6 2. Nf3 b6 3. Bf4 Bb7 4. Nbd2 g6 5. e3 Bg7 6. c3 d6 7. Be2 Nh5 8. Bg5 h6 9. Bh4 Nd7 10. Qc2 c5 11. 0-0-0 cxd4 12. Nxd4 Nhf6 13. Bd3 0-0 14. Bxg6 fxg6 15. Qxg6 Ne5 16. Qc2 Qd7 17. Nf5 e6 18. Nxg7 Qxg7 19. Bg3 Rac8 20. f3 Nd5 21. Qb3 Nd3+ 22. Kb1 Nc5 23. Qa3 Nxe3 24. Rc1 Qg6+ 25. Ka1 Nc2+ 26. Rxc2 Qxc2 27. Nb1 0-1

[Event "Hum na Sutli op"]
[White "Svrtan, Zlatko"]
[Black "Trsinski, Stjepan"]
[Site "Hum na Sutli"]
[Round "3"]
[Result "1-0"]
[Date "2010.11.22"]
[WhiteElo "2064"]
[BlackElo "1890"]
[PlyCount "109"]
[EventDate "2010.11.20"]
[EventType "swiss"]
[EventRounds "9"]
[EventCountry "CRO"]
[SourceTitle "CBM 139 Extra"]
[Source "ChessBase"]
[SourceDate "2011.01.05"]
[SourceVersion "1"]
[SourceVersionDate "2011.01.05"]
[SourceQuality "1"]

1. e4 d5 2. exd5 Nf6 3. d4 Bf5 4. c4 c6 5. dxc6 Nxc6 6. d5 Ne5 7. Nc3 e6 8. Bf4 Ng6 9. Bg3 Bc5 10. Qa4+ Nd7 11. Nf3 0-0 12. Be2 e5 13. 0-0 Rc8 14. b4 e4 15. Ne1 Bd4 16. Rc1 Nb6 17. Qb3 Qg5 18. Rd1 Be5 19. Nc2 Nf4 20. Ne3 Bg6 21. d6 Nd7 22. Bxf4 Qxf4 23. g3 Qg5 24. c5 Kh8 25. h4 Qf6 26. Ncd5 Qe6 27. h5 Bf5 28. Nxf5 Qxf5 29. Ne7 Qh3 30. Nxc8 Rxc8 31. f4 Bf6 32. Rf2 Nf8 33. Rh2 Qd7 34. a4 a6 35. Qd5 Re8 36. b5 Ne6 37. Bc4 Nd8 38. bxa6 Qxa4 39. Ra2 Qd7 40. Kg2 bxa6 41. Bxa6 Qg4 42. Be2 Qd7 43. Ra6 Rg8 44. Rb1 g5 45. f5 g4 46. c6 Nxc6 47. Rxc6 Qa7 48. Rcb6 Qa3 49. Qxf7 Be5 50. R1b3 Qa2 51. Qc4 Qa8 52. Rb7 e3 53. Qe6 Bd4 54. Qd5 Bf6 55. Qf7 1-0

[Event "Hum na Sutli op"]
[White "Trsinski, Stjepan"]
[Black "Tkalec, Mirko"]
[Site "Hum na Sutli"]
[Round "2"]
[Result "1-0"]
[Date "2010.11.21"]
[WhiteElo "1890"]
[BlackElo "1705"]
[PlyCount "67"]
[EventDate "2010.11.20"]
[EventType "swiss"]
[EventRounds "9"]
[EventCountry "CRO"]
[SourceTitle "CBM 139 Extra"]
[Source "ChessBase"]
[SourceDate "2011.01.05"]
[SourceVersion "1"]
[SourceVersionDate "2011.01.05"]
[SourceQuality "1"]

1. d4 Nf6 2. Nf3 d5 3. Bf4 Nc6 4. e3 Nh5 5. Bg5 f6 6. Bh4 Bg4 7. c3 g5 8. h3 Bf5 9. Nxg5 Bxb1 10. Rxb1 Ng7 11. Nf3 Nf5 12. Bd3 Qd7 13. b4 0-0-0 14. a4 Nxh4 15. Nxh4 e6 16. a5 a6 17. b5 Nxa5 18. bxa6 b6 19. Qe2 Kb8 20. Qa2 Ka7 21. 0-0 Bd6 22. f4 f5 23. Nf3 Qg7 24. Rb5 Nc4 25. Bxc4 dxc4 26. Qxc4 Rhg8 27. Rf2 Qg6 28. Rbb2 Qg3 29. Kf1 e5 30. Qc6 Rb8 31. dxe5 Qg6 32. exd6 Qxd6 33. Ne5 Rgd8 34. Qf3 1-0

[Event "CRO-chT3"]
[White "Livaic, Damir"]
[Black "Trsinski, Stjepan"]
[Site "Zagreb"]
[Round "7"]
[Result "0-1"]
[Date "2009.04.26"]
[WhiteElo "2045"]
[BlackElo "1897"]
[PlyCount "66"]
[EventDate "2009.03.08"]
[EventType "team-tourn"]
[EventRounds "9"]
[EventCountry "CRO"]
[SourceTitle "EXT 2011"]
[Source "ChessBase"]
[SourceDate "2010.11.26"]
[SourceVersion "1"]
[SourceVersionDate "2010.11.26"]
[SourceQuality "1"]

1. Nf3 d5 2. d4 Nf6 3. g3 Bf5 4. Bg2 e6 5. 0-0 Bd6 6. c4 c6 7. Nbd2 Nbd7 8. Re1 0-0 9. Qb3 Rb8 10. Nh4 Bg4 11. e4 dxe4 12. Nxe4 Nxe4 13. Rxe4 Bh5 14. Re1 Qf6 15. f4 a5 16. c5 Bc7 17. Be3 h6 18. Bf2 Qd8 19. h3 b6 20. Qc2 bxc5 21. dxc5 Qf6 22. b3 g5 23. fxg5 hxg5 24. g4 Bxg4 25. hxg4 gxh4 26. Bxc6 Ne5 27. Qe4 Rb4 28. Bd4 Rxd4 29. Qxd4 Nf3+ 30. Bxf3 Qxd4+ 31. Kg2 Qb2+ 32. Be2 Rd8 33. Kf3 Qc3+ 0-1

[Event "CRO-chT3"]
[White "Takac, Zvonko"]
[Black "Trsinski, Stjepan"]
[Site "Zagreb"]
[Round "3"]
[Result "1-0"]
[Date "2009.03.15"]
[WhiteElo "2138"]
[BlackElo "1897"]
[PlyCount "73"]
[EventDate "2009.03.08"]
[EventType "team-tourn"]
[EventRounds "9"]
[EventCountry "CRO"]
[SourceTitle "EXT 2011"]
[Source "ChessBase"]
[SourceDate "2010.11.26"]
[SourceVersion "1"]
[SourceVersionDate "2010.11.26"]
[SourceQuality "1"]

1. f4 Nf6 2. Nf3 d5 3. e3 Bf5 4. b3 e6 5. Bb2 Nbd7 6. Be2 Bd6 7. 0-0 c6 8. Nc3 Qb6 9. Nh4 Bg6 10. d4 0-0-0 11. Na4 Qc7 12. c4 Be7 13. c5 Ne4 14. Nf3 Ndf6 15. b4 Ng4 16. Qb3 Bh5 17. b5 cxb5 18. Bxb5 g5 19. h3 Nxe3 20. Qxe3 gxf4 21. Qd3 Rhg8 22. c6 Bxf3 23. cxb7+ Kb8 24. Rxf3 Ng5 25. Rc1 Qa5 26. Rxf4 Nxh3+ 27. Qxh3 Qxb5 28. Rxf7 Bd6 29. Qxe6 Qa6 30. Kh1 Rge8 31. Qxd5 Bg3 32. Rc8+ Rxc8 33. bxc8Q+ Qxc8 34. Qb3+ Ka8 35. Qf3+ Kb8 36. Qxg3+ Ka8 37. Nb6+ 1-0